000 00620nab a2200229 a 4500
005 20210219161407.0
008 991125s1985 mx 000 0 spa u
035 _aUPN01000184371
100 1 _aCadiz Ródenas, Ximo
222 _aREVISTA DE ESTUDIOS DE JUVENTUD
245 _a¿ Cómo convertir las intervenciones locales en política de juventud ?
260 _aEspaña
300 _a117-128
362 0 _a2011 No. 94, sept.
653 0 _aJOVENES
653 0 _aAUTONOMIA
653 0 _aCONSUMO
653 0 _aSOSTENIBILIDAD
700 1 _aCardona Aranda, Mariam,
700 1 _ecoaut.
905 _aArticulo
999 _c156474
_d156474